| 000 | 00628nam a2200205 a 4500 | ||
|---|---|---|---|
| 003 | PILC | ||
| 005 | 20160215082053.0 | ||
| 008 | 060818s19uu xx 00 eng d | ||
| 020 | _a0071116443 | ||
| 050 |
_aBF 713 _b.Sa26 2006 |
||
| 100 | _aSantrock, John W. | ||
| 245 |
_aLife-span development / _cJohn W. Santrock. |
||
| 250 | _a10th edition. | ||
| 260 |
_aNew York : _bMcGraw-Hill, _c2006. |
||
| 300 |
_aI-30, 652 pages : _bcolor illustrations ; _c28 cm |
||
| 500 | _aIncludes glossary, bibliographical references and index. | ||
| 650 |
_aDevelopmental Psychology _xTextbook. |
||
| 942 |
_cBK _2lcc _kFOR |
||
| 999 |
_c39390 _d39390 |
||